Производство криолита, флористого алюминия и фтористого натрия

Библиографические подробности
Главный автор: Гузь С. Ю. Самуил Юрьевич
Другие авторы: Барановская Р. Г. Рахиль Григорьевна
Язык:русский
Опубликовано: Москва, Металлургия, 1964
Предметы:
Формат: MixedMaterials Книга
Запись в KOHA:https://koha.lib.tpu.ru/cgi-bin/koha/opac-detail.pl?biblionumber=184256

MARC

LEADER 00000nam0a2200000 4500
001 184256
005 20231031172126.0
035 |a (RuTPU)RU\TPU\book\199760 
090 |a 184256 
100 |a 20100831d1964 m y0rusy50 ca 
101 0 |a rus 
102 |a RU 
105 |a a z 001zy 
200 1 |a Производство криолита, флористого алюминия и фтористого натрия  |f С. Ю. Гузь, Р. Г. Барановская 
210 |a Москва  |c Металлургия  |d 1964 
215 |a 238 с.  |c ил. 
320 |a Библиогр.: с. 237-238. 
610 1 |a криолит 
610 1 |a фтористый алюминий 
610 1 |a фтористый натрий 
610 1 |a производство 
610 1 |a экономика 
610 1 |a защита от коррозии 
675 |a 661.4  |v 3 
675 |a 661.8  |v 3 
700 1 |a Гузь  |b С. Ю.  |g Самуил Юрьевич 
701 1 |a Барановская  |b Р. Г.  |g Рахиль Григорьевна 
801 1 |a RU  |b 63413507  |c 20100831 
801 2 |a RU  |b 63413507  |c 20101223  |g RCR 
942 |c BK